Nochmals: Südafrikanischer Strafvollzug

Guardado en:  
Detalles Bibliográficos
Autor principal: Zyl Smit, Dirk van 1949- (Autor)
Tipo de documento: Print Artículo
Lenguaje:Alemán
Publicado: 1986
En: Zeitschrift für Strafvollzug und Straffälligenhilfe
Año: 1986, Volumen: 35, Número: 5, Páginas: 280-285
Availability in Albert-Krebs Library:Z.01
24.1975 - 55.2006
Verificar disponibilidad: HBZ Gateway
Palabras clave:

MARC

LEADER 00000caa a2200000 c 4500
001 1642049166
003 DE-627
005 20221011151107.0
007 tu
008 150127s1986 xx ||||| 00| ||ger c
035 |a (DE-627)1642049166 
035 |a (DE-576)425378519 
035 |a (DE-599)BSZ425378519 
040 |a DE-627  |b ger  |c DE-627  |e rakwb 
041 |a ger 
084 |a 2,1  |2 ssgn 
100 1 |a Zyl Smit, Dirk van  |d 1949-  |0 (DE-588)128938226  |0 (DE-627)385682891  |0 (DE-576)166851574  |4 aut 
109 |a Zyl Smit, Dirk van 1949-  |a Van Zyl Smit, Dirk 1949-  |a Zyl-Smit, Dirk van 1949-  |a Smit, Dirk van Z. 1949-  |a Smit, Dirk van Zyl 1949- 
245 1 0 |a Nochmals: Südafrikanischer Strafvollzug  |c Dirk van Zyl Smit 
264 1 |c 1986 
336 |a Text  |b txt  |2 rdacontent 
337 |a ohne Hilfsmittel zu benutzen  |b n  |2 rdamedia 
338 |a Band  |b nc  |2 rdacarrier 
773 0 8 |i In  |t Zeitschrift für Strafvollzug und Straffälligenhilfe  |d Wiesbaden : Ges. für Fortbildung der Strafvollzugsbediensteten, 1975  |g 35(1986), 5, Seite 280-285  |w (DE-627)130166723  |w (DE-600)519517-2  |w (DE-576)015709817  |x 0342-3514  |7 nnas 
773 1 8 |g volume:35  |g year:1986  |g number:5  |g pages:280-285 
935 |a mkri 
951 |a AR 
AKB |a 24.1975 - 55.2006  |b Z.01 
ELC |b 1 
LOK |0 000 xxxxxcx a22 zn 4500 
LOK |0 001 3305656557 
LOK |0 003 DE-627 
LOK |0 004 1642049166 
LOK |0 005 20250620155156 
LOK |0 008 150127||||||||||||||||ger||||||| 
LOK |0 040   |a DE-21-110  |c DE-627  |d DE-21-110 
LOK |0 689   |a s  |a Strafvollzug 
LOK |0 689   |a g  |a Südafrika 
LOK |0 852   |a DE-21-110 
LOK |0 852 1  |m p  |9 00 
LOK |0 935   |a k110 
LOK |0 938   |k p 
LOK |0 939   |a 27-01-15  |b l01 
LOK |0 000 xxxxxcx a22 zn 4500 
LOK |0 001 4196285651 
LOK |0 003 DE-627 
LOK |0 004 1642049166 
LOK |0 005 20221011151107 
LOK |0 008 221011||||||||||||||||ger||||||| 
LOK |0 035   |a (DE-2619)pk01645 
LOK |0 040   |a DE-2619  |c DE-627  |d DE-2619 
LOK |0 092   |o n 
LOK |0 852   |a DE-2619 
LOK |0 852 1  |m p  |9 00 
LOK |0 935   |a kreb 
LOK |0 938   |k p 
LOK |0 939   |a 11-10-22  |b l01 
ORI |a SA-MARC-krimdoka001.raw